電化されているJR路線 その2(サドンデス) - Statistics

General Stats
  • This quiz has been taken 180 times
  • The average score is 17 of 37
Answers on the Grid
Answers color-coded by a green-red scale on the quiz's grid according to % correct below.
千歳線
室蘭本線
(長万部〜東室蘭)
津軽線
(青森〜蟹田)
五能線
(川部〜五所川原)
八戸線
北上線
陸羽東線
陸羽西線
仙石線
米坂線
奥羽本線
(新庄〜院内)
奥羽本線
(横手〜湯沢)
磐越東線
磐越西線
(新津〜喜多方)
磐越西線
(会津若松〜喜多方)
磐越西線
(郡山〜会津若松)
只見線
両毛線
日光線
鹿島線
吾妻線
久留里線
(木更津〜久留里)
八高線
(倉賀野〜高麗川)
青梅線
越後線
弥彦線
篠ノ井線
飯山線
大糸線
(松本〜南小谷)
大糸線
(糸魚川〜南小谷)
身延線
武豊線
飯田線
(豊橋〜新城)
飯田線
(水窪〜天竜峡)
高山本線
(岐阜〜猪谷)
高山本線
(猪谷〜富山)
名松線
参宮線
紀勢本線
(新宮〜熊野市)
紀勢本線
(多気〜紀伊長島)
城端線
越美北線
小浜線
草津線
関西本線
(名古屋〜亀山)
関西本線
(亀山〜加茂)
関西本線
(加茂〜奈良)
奈良線
播但線
(姫路〜寺前)
播但線
(寺前〜和田山)
赤穂線
福知山線
(新三田〜福知山)
山陰本線
(福知山〜豊岡)
山陰本線
(鳥取〜米子)
山陰本線
(松江〜出雲市)
山陰本線
(益田〜長門市)
因美線
木次線
伯備線
(倉敷〜新見)
伯備線
(米子〜新見)
吉備線
津山線
福塩線
(福山〜府中)
福塩線
(塩町〜府中)
可部線
岩徳線
宇部線
小野田線
(居能〜小野田)
予讃線
(高松〜松山)
高徳線
土讃線
(阿波池田〜高知)
徳島線
日豊本線
(佐伯〜延岡)
日豊本線
(都城〜国分)
日南線
指宿枕崎線
 
Answer Stats
Answer % Correct
千歳線
88%
仙石線
64%
青梅線
55%
両毛線
53%
津軽線
(青森〜蟹田)
52%
関西本線
(加茂〜奈良)
51%
日光線
50%
奈良線
50%
大糸線
(松本〜南小谷)
50%
篠ノ井線
49%
関西本線
(名古屋〜亀山)
49%
草津線
48%
吾妻線
47%
赤穂線
47%
飯田線
(豊橋〜新城)
47%
予讃線
(高松〜松山)
47%
福知山線
(新三田〜福知山)
46%
鹿島線
45%
越後線
45%
播但線
(姫路〜寺前)
45%
飯田線
(水窪〜天竜峡)
44%
身延線
43%
武豊線
43%
伯備線
(倉敷〜新見)
42%
伯備線
(米子〜新見)
42%
日豊本線
(佐伯〜延岡)
41%
山陰本線
(福知山〜豊岡)
40%
山陰本線
(松江〜出雲市)
40%
奥羽本線
(横手〜湯沢)
39%
小浜線
37%
磐越西線
(郡山〜会津若松)
37%
弥彦線
36%
日豊本線
(都城〜国分)
36%
小野田線
(居能〜小野田)
35%
可部線
34%
宇部線
34%
福塩線
(福山〜府中)
34%
No matching quizzes found
Score Distribution
Percent of People with Each Score
Percentile by Number Answered
Your Score History
You have not taken this quiz